000 00634nam a2200217Ii 4500
003 JO-AjNU
008 230605s9999||||xx |||||||||||||| ||und||
017 _a1342
040 _aJO-AjNU
_bara
_erda
_cJO-AjNU
041 _aara
050 1 4 _aQL529.A2832 1986
100 3 _aابوالحب ، جليل,
_eauthor
_919683
245 0 0 _aالارضة :دابة الارض
250 _aط1
264 3 1 _aالعراق:دار الشوؤن الثقافيه ، 1986
300 _a177ص
336 _atext
_btxt
_2rdacontent
337 _aunmediated
_bn
_2rdamedia
338 _avolume
_bnc
_2rdacarrier
650 4 _aالحشرات
_919684
999 _aA6538
_c10106
_d10106